000 00915nam a2200289 i 4500
003 EG-GICUC
005 20260428184415.0
008 260428n1900 nyua|||f |||| 000 0 eng d
040 _aEG-GiCUC
_beng
_cEG-GiCUC
_dEG-GiCUC
_erda
041 0 _aeng
082 0 4 _221
_a343.766
_bSH . C
092 0 4 _221
099 _aLaw1 10 343.766 SH . C 1900 1011556 C1
100 1 _aShaw, George Bernard
_eAuthor.
245 1 4 _aThe Crime Of Imprisonment /
_cBy George Bernard Shaw ; Lustrated By William Gropper.
264 1 _aNew York ;
_bPhilosophical Library,
_c[1900].
300 _a125 pages ;
_c24 cm.
336 _2rda content
_atext
337 _2rda media
_aComputer
338 _2rda carrier
_aOnline Resource
650 1 4 _aCriminal law
650 1 4 _aPrisons
700 1 _aGropper, William
_bartist
856 4 0 _uhttps://fll.law.cu.edu.eg/fulltext/bks/B10-11556.pdf
905 _a164
942 _2ddc
_cBK
_e21
_n0
999 _c73943
_d73943